000 00580nam a2200205 a 4500
001 55846
003 BD-RjUL
005 20211209080324.0
008 161122s1946 nyua 000 0 eng u
035 _a(BD-RjUL)55970
040 _aWSU
_dm.c
_dOCL
_bBD-RjUL
_cBD-RjUL
041 _aeng
082 _223
_a828
_bBLS 1946
100 1 _aBlunden, Edmund,
_d1896-1974.
_9165089
245 1 0 _aShelley :
_ba life story /
_cby Edmund Blunden.
260 _aLondon :
_bCollins,
_c1946
300 _a320 p. ;
_c23 cm.
600 1 0 _aShelley, Percy Bysshe,
_d1792-1822.
_9166278
942 _2ddc
_cBK
999 _c55846
_d55846